Chytrý Honza z Čech.

Uložené v:
Podrobná bibliografia
Hlavný autor: Kopta, J. (Author)
Médium: Kniha
Jazyk:Czech
Vydané: 1992
ISBN: 8085606054
Tagy: Pridať tag
Žiadne tagy, Buďte prvý kto otaguje tento záznam!

MARC

LEADER 00000nam a2200000 a 4500
001 000250021
005 00000000000000.0
008 040101s1992 e czeo
020 |a 8085606054 
041 0 |a cze 
100 1 |a Kopta, J.  |4 aut 
245 1 0 |a Chytrý Honza z Čech. 
260 |c 1992 
500 |a Záznam neprešiel kontrolou 
910 |a svkkk 
919 |a 80-85606-05-4 
998 |a BK 
090 |g SCKHL  |k Sklad Pribinova 3. posch.  |a V.184513  |j 857030  |i 2720971399  |s Povinný výt.